000 00541nam a2200241Ia 4500
003 OSt
005 20220912152549.0
006 a|||||r|||| 00| 0
007 ta
008 220909b |||||||| |||| 00| 0 eng d
024 _a41224
037 _cTextual
040 _aCSL
_beng
_cCSL
041 _aeng
082 _aF57:C, J5
100 _aWoods H J
245 0 _aPhysics of fibres
260 _c1955
300 _ap.
_ccm.
650 _aTextile
942 _hF57:C, J5
_cTEXL
_2CC
999 _c88752
_d88752